00687nam a2200205Ia 4500003000900000008004100009020001800050040001600068080001800084100002400102245007600126260003300202300001700235650004100252650002900293650003600322942000700358999001500365952010100380IN-BaIIA211028s9999 xx 000 0 eng d a0-201-13505-1 cIIA Library a031:51bEMA-6 aMinc, Henryk910682 0aPermanentscHenryk Minc  aRedingbAddison-Wesleyc1978 axviii, 205p. aAstronomy and Astrophysics Thesaurus aEncyclopedia-Mathematics aMathematics Encyclopedia910050 cBK c6206d6206 00104070aBANbBANcGENd1979-04-07l0o031:51/ EMA-6p6919r2021-11-05w1979-04-07yBK 21.50